Medio ambiente y derechos humanos /

Պահպանված է:
Մատենագիտական մանրամասներ
Հիմնական հեղինակ: Peña Chacón, Mario
Ձևաչափ: Տեքստ
Ցուցիչներ: Ավելացրեք ցուցիչ
Չկան պիտակներ, Եղեք առաջինը, ով նշում է այս գրառումը!

MARC

LEADER 00000 a a2200000 04500
001 44312
003
040
100 |a Peña Chacón, Mario  
245 |a Medio ambiente y derechos humanos /  |c Mario Peña Chacón  
773 |g volumen2, número3 ( , 2010), páginas 15-28  
999 |c 38496  |d 38496